[Event "SRB-chT 2nd League West"]
[Site "Kragujevac"]
[Date "2019.10.04"]
[Round "8.3"]
[White "Stankovic, Dragan B"]
[Black "Mirkovic, Stevan"]
[Result "0-1"]
[WhiteElo "2228"]
[BlackElo "2277"]
[PlyCount "82"]
[EventDate "2019.09.06"]
[EventType "team-tourn"]
[EventRounds "11"]
[EventCountry "SRB"]
[SourceTitle "EXT 2020"]
[Source "ChessBase"]
[SourceDate "2019.10.17"]
[SourceVersion "1"]
[SourceVersionDate "2019.10.17"]
[SourceQuality "1"]
[WhiteTeam "Smederevo"]
[BlackTeam "Cacak Borac"]
[WhiteTeamCountry "SRB"]
[BlackTeamCountry "SRB"]

1. Nf3 Nf6 2. d4 e6 3. c4 b6 4. Nc3 Bb4 5. Bg5 Bb7 6. Qc2 0-0 7. e3 d6 8. Rd1 Nbd7 9. Be2 Qe8 10. 0-0 Bxc3 11. Bxf6 Nxf6 12. Qxc3 Ne4 13. Qc2 f5 14. Nd2 Nxd2 15. Qxd2 Qg6 16. g3 Qh6 17. f4 Rae8 18. c5 dxc5 19. dxc5 e5 20. Bf3 Bxf3 21. Rxf3 Qf6 22. Rf2 Rd8 23. Qc1 exf4 24. exf4 Rd4 25. cxb6 cxb6 26. Rxd4 Qxd4 27. Qc6 h6 28. Kg2 Kh7 29. Re2 Rf6 30. Qb7 Rd6 31. Qf7 Qd3 32. Kf2 Rc6 33. Qe7 Rc1 34. Qe5 Rc5 35. Qe6 Rd5 36. h4 Rd6 37. Qe3 Qd5 38. Qe5 Qd3 39. Qe3 Qb1 40. Kg2 Qxa2 41. h5 Rd1 0-1

[Event "Gligoric Cup 4th"]
[Site "Novi Banovci"]
[Date "2017.05.28"]
[Round "5.2"]
[White "Mirkovic, Stevan"]
[Black "Radlovacki, Jovan"]
[Result "1/2-1/2"]
[WhiteElo "2283"]
[BlackElo "2363"]
[PlyCount "100"]
[EventDate "2017.05.25"]
[EventType "team-swiss"]
[EventRounds "5"]
[EventCountry "SRB"]
[SourceTitle "CBM 178 Extra"]
[Source "ChessBase"]
[SourceDate "2017.06.22"]
[SourceVersion "1"]
[SourceVersionDate "2017.06.22"]
[SourceQuality "1"]
[WhiteTeam "Cacak Borac"]
[BlackTeam "Novi Banovci Omladinac"]
[WhiteTeamCountry "SRB"]
[BlackTeamCountry "SRB"]

1. Nf3 d6 2. d4 Bg4 3. Nbd2 c6 4. c4 Nd7 5. Qc2 Ngf6 6. b3 Qa5 7. Bb2 Bf5 8. Qc3 Qxc3 9. Bxc3 h6 10. g3 g5 11. Bg2 Bg7 12. 0-0 0-0 13. Rfe1 Ne4 14. Nxe4 Bxe4 15. Bh3 Rfd8 16. Nd2 Bg6 17. Bg2 Rab8 18. Rac1 Nf8 19. e3 e6 20. Bf1 b6 21. b4 Nd7 22. Nb3 c5 23. Red1 Rbc8 24. Be2 cxb4 25. Bxb4 Bf8 26. Ba3 Nf6 27. Bb4 a5 28. Ba3 a4 29. Nd2 d5 30. Bxf8 Kxf8 31. Nf3 Bh5 32. Kg2 Ne4 33. Bd3 f5 34. cxd5 exd5 35. Ba6 Rc3 36. Re1 Bxf3+ 37. Kxf3 Rd7 38. Rxc3 Nxc3 39. a3 Rc7 40. g4 Rf7 41. gxf5 Rxf5+ 42. Kg2 Rf7 43. Rc1 Rc7 44. Bd3 Ke7 45. f3 Nb5 46. Ra1 Nd6 47. Kf2 Rc3 48. Ke2 b5 49. h3 Nc4 50. Bxc4 bxc4 1/2-1/2

[Event "SRB-chT2 West"]
[Site "Kragujevac"]
[Date "2015.10.10"]
[Round "9.5"]
[White "Radovanovic, Jovica"]
[Black "Mirkovic, Stevan"]
[Result "1/2-1/2"]
[WhiteElo "2333"]
[BlackElo "2328"]
[PlyCount "60"]
[EventDate "2015.09.04"]
[EventType "team-tourn"]
[EventRounds "11"]
[EventCountry "SRB"]
[SourceTitle "EXT 2022"]
[Source "ChessBase"]
[SourceDate "2021.10.06"]
[SourceVersion "1"]
[SourceVersionDate "2021.10.06"]
[SourceQuality "1"]

1. d4 d5 2. Nf3 Nf6 3. c4 dxc4 4. e3 e6 5. Bxc4 c5 6. 0-0 a6 7. Bb3 Be7 8. Qe2 Nc6 9. Rd1 cxd4 10. exd4 0-0 11. Nc3 Nb4 12. Bg5 Nbd5 13. Ne5 Nxc3 14. bxc3 Nd5 15. Bd2 Bd6 16. c4 Ne7 17. Bf4 Ng6 18. Bg3 Qc7 19. h4 Nxe5 20. dxe5 Bc5 21. Bc2 f5 22. Rd6 Qe7 23. Rad1 g6 24. Qd2 b6 25. Bf4 Qxh4 26. Rd3 Bb7 27. Rh3 Qg4 28. Rg3 Qh4 29. Rh3 Qg4 30. Rg3 Qh4 1/2-1/2

[Event "Gligoric Cup 3rd"]
[Site "Kraljevo"]
[Date "2015.05.21"]
[Round "6.3"]
[White "Solomunovic, Igor"]
[Black "Mirkovic, Stevan"]
[Result "1-0"]
[WhiteElo "2436"]
[BlackElo "2315"]
[PlyCount "97"]
[EventDate "2015.05.16"]
[EventType "team-swiss"]
[EventRounds "7"]
[EventCountry "SRB"]
[SourceTitle "CBM 166 Extra"]
[Source "ChessBase"]
[SourceDate "2015.06.18"]
[SourceVersion "1"]
[SourceVersionDate "2015.06.18"]
[SourceQuality "1"]
[WhiteTeam "Gornji Milanovac Metalac"]
[BlackTeam "Cacak Borac"]
[WhiteTeamCountry "SRB"]
[BlackTeamCountry "SRB"]

1. d4 Nf6 2. Nf3 e6 3. c4 d5 4. Bg5 Be7 5. e3 h6 6. Bh4 0-0 7. Nbd2 b6 8. Rc1 Bb7 9. Be2 Nbd7 10. 0-0 c5 11. cxd5 exd5 12. b3 Rc8 13. Bd3 Ne4 14. Bxe7 Qxe7 15. Bb1 Ndf6 16. Qe2 Nxd2 17. Qxd2 Ba6 18. Rfe1 c4 19. bxc4 Bxc4 20. Ne5 b5 21. f3 Qa3 22. g4 b4 23. Bf5 Rc7 24. h4 g6 25. Bb1 Rfc8 26. h5 g5 27. Bf5 Rb8 28. Qf2 b3 29. axb3 Rxb3 30. f4 Rb2 31. Qf3 Qa2 32. Bb1 Be2 33. Bxa2 Rxc1 34. Qxe2 Rxe2 35. Rxc1 Rxa2 36. fxg5 hxg5 37. Rc8+ Kh7 38. Rc7 Kg8 39. h6 Ra1+ 40. Kg2 Ra2+ 41. Kf1 Ra1+ 42. Ke2 Ra2+ 43. Ke1 Ra1+ 44. Kd2 Ra2+ 45. Kc1 Rh2 46. Rxf7 Nxg4 47. Rg7+ Kf8 48. Nxg4 Rh4 49. Rxg5 1-0

[Event "Gligoric Cup 3rd"]
[Site "Kraljevo"]
[Date "2015.05.20"]
[Round "5.5"]
[White "Stamenkovic, Aleksandar"]
[Black "Mirkovic, Stevan"]
[Result "0-1"]
[WhiteElo "2278"]
[BlackElo "2315"]
[PlyCount "116"]
[EventDate "2015.05.16"]
[EventType "team-swiss"]
[EventRounds "7"]
[EventCountry "SRB"]
[SourceTitle "CBM 166 Extra"]
[Source "ChessBase"]
[SourceDate "2015.06.18"]
[SourceVersion "1"]
[SourceVersionDate "2015.06.18"]
[SourceQuality "1"]
[WhiteTeam "Stara Pazova"]
[BlackTeam "Cacak Borac"]
[WhiteTeamCountry "SRB"]
[BlackTeamCountry "SRB"]

1. d4 Nf6 2. c4 e6 3. Nf3 b6 4. g3 Ba6 5. Qc2 c5 6. d5 exd5 7. cxd5 Bb7 8. Bg2 Bxd5 9. Nc3 Bc6 10. 0-0 Be7 11. Rd1 0-0 12. e4 Qc8 13. e5 Ne8 14. Bg5 f6 15. Qb3+ Kh8 16. Nd5 Bxd5 17. Qxd5 Nc7 18. Qd3 fxg5 19. Ne1 a6 20. Bxa8 Nxa8 21. Rac1 Nc7 22. Qe2 Ne6 23. Qe4 Nc6 24. Nc2 Qe8 25. Rd3 Ncd4 26. Nxd4 Nxd4 27. Rf1 Qa8 28. Re1 Qxe4 29. Rxe4 Kg8 30. b4 Kf7 31. bxc5 bxc5 32. Kg2 Ke6 33. Ra3 Ra8 34. Ra5 Kd5 35. Re1 g4 36. Re3 Bd8 37. Ra4 Bc7 38. h3 h5 39. hxg4 hxg4 40. e6 dxe6 41. Re1 Bd8 42. Rb1 Bf6 43. Rb7 e5 44. Rc7 Kd6 45. Rb7 Kc6 46. Rb1 Kd5 47. Rb7 e4 48. Rb1 Nc6 49. Kf1 Bd4 50. Ke2 Rf8 51. Rf1 Rb8 52. Rd1 a5 53. Rd2 Ne5 54. Rc2 Nf3 55. Rac4 Ne5 56. Ra4 Rb1 57. Rd2 Nf3 58. Raxd4+ cxd4 0-1

[Event "Cacak-ch rapid"]
[Site "Cacak"]
[Date "2014.12.12"]
[Round "9"]
[White "Todic, Zoran"]
[Black "Mirkovic, Stevan"]
[Result "1-0"]
[WhiteElo "2227"]
[BlackElo "2281"]
[PlyCount "139"]
[EventDate "2014.12.10"]
[EventType "swiss (rapid)"]
[EventRounds "9"]
[EventCountry "SRB"]
[SourceTitle "EXT 2017"]
[Source "ChessBase"]
[SourceDate "2016.10.25"]
[SourceVersion "1"]
[SourceVersionDate "2016.10.25"]
[SourceQuality "1"]

1. e4 c5 2. c3 d5 3. exd5 Qxd5 4. d4 e6 5. Nf3 Nf6 6. Be2 Be7 7. Na3 0-0 8. Nc2 Nc6 9. 0-0 b6 10. Ne3 Qd8 11. Qa4 Bb7 12. dxc5 bxc5 13. Rd1 Qc7 14. Ng4 Nd5 15. Bd3 f5 16. Ne3 Ne5 17. Nxe5 Qxe5 18. Nxd5 Bxd5 19. Bf4 Qf6 20. c4 Be4 21. Bxe4 fxe4 22. Be3 Qxb2 23. Rab1 Qc3 24. Qd7 Rae8 25. Qxe6+ Kh8 26. Qa6 Qc2 27. Rbc1 Qe2 28. Rd2 Qg4 29. h3 Qh4 30. Qxa7 Ra8 31. Qd7 Rad8 32. Qg4 Rxd2 33. Qxh4 Bxh4 34. Bxd2 Bxf2+ 35. Kh2 Rd8 36. Bg5 Rd3 37. Rf1 Bg3+ 38. Kg1 h6 39. Bf4 Bh4 40. Kh2 Kh7 41. g3 Bf6 42. Re1 Rd4 43. Rc1 Rd8 44. Re1 Re8 45. a4 Kg6 46. a5 Bc3 47. Rd1 Bxa5 48. Rd6+ Kf7 49. Be3 Bb4 50. Kg2 Re6 51. Rd7+ Re7 52. Rd5 Ra7 53. Re5 Ra2+ 54. Kf1 Rc2 55. Rxe4 Kf6 56. g4 Rh2 57. Rf4+ Ke6 58. Rf3 Rc2 59. Rf4 Ke5 60. Rf5+ Ke4 61. Bxc5 Bxc5 62. Rxc5 Kf3 63. Ke1 Kg3 64. Kd1 Ra2 65. Rh5 Ra6 66. Kd2 g5 67. Ke3 Ra4 68. Kd4 Ra3 69. Rxh6 Kg2 70. c5 1-0

[Event "Cacak-ch rapid"]
[Site "Cacak"]
[Date "2014.12.11"]
[Round "6"]
[White "Matovic, Petar"]
[Black "Mirkovic, Stevan"]
[Result "1/2-1/2"]
[WhiteElo "2165"]
[BlackElo "2281"]
[PlyCount "32"]
[EventDate "2014.12.10"]
[EventType "swiss (rapid)"]
[EventRounds "9"]
[EventCountry "SRB"]
[SourceTitle "EXT 2017"]
[Source "ChessBase"]
[SourceDate "2016.10.25"]
[SourceVersion "1"]
[SourceVersionDate "2016.10.25"]
[SourceQuality "1"]

1. d4 Nf6 2. Nf3 e6 3. Bf4 Be7 4. h3 b6 5. e3 Bb7 6. Nbd2 0-0 7. Bd3 c5 8. c3 d6 9. 0-0 Nbd7 10. e4 cxd4 11. cxd4 e5 12. dxe5 dxe5 13. Bxe5 Nc5 14. Bxf6 Bxf6 15. e5 Nxd3 16. exf6 Qxf6 1/2-1/2

[Event "Cacak-ch rapid"]
[Site "Cacak"]
[Date "2014.12.11"]
[Round "5"]
[White "Mirkovic, Stevan"]
[Black "Damljanovic, Branko"]
[Result "0-1"]
[WhiteElo "2281"]
[BlackElo "2581"]
[PlyCount "87"]
[EventDate "2014.12.10"]
[EventType "swiss (rapid)"]
[EventRounds "9"]
[EventCountry "SRB"]
[SourceTitle "EXT 2017"]
[Source "ChessBase"]
[SourceDate "2016.10.25"]
[SourceVersion "1"]
[SourceVersionDate "2016.10.25"]
[SourceQuality "1"]

1. Nf3 Nf6 2. c4 g6 3. Nc3 Bg7 4. e4 d6 5. d4 0-0 6. Be2 Nbd7 7. 0-0 e5 8. d5 Nc5 9. Nd2 a5 10. b3 Bd7 11. Re1 c6 12. Bb2 Qb8 13. Bf1 cxd5 14. cxd5 b5 15. Qe2 Bh6 16. f3 b4 17. Nd1 a4 18. Ne3 Rc8 19. Kh1 Ne8 20. Reb1 Nc7 21. Bc1 Nb5 22. Bb2 a3 23. Bc1 Nc3 24. Qf2 f5 25. Ndc4 fxe4 26. Qh4 Bg7 27. Bd2 exf3 28. gxf3 Rf8 29. Qe7 Nxb1 30. Rxb1 Rxf3 31. Bg2 Rf2 32. Kg1 Rxd2 33. Nxd2 Qa7 34. Ndc4 Bh6 35. Re1 Nd3 36. Re2 Rc8 37. Bh3 Rc7 38. Qd8+ Bf8 39. Be6+ Kg7 40. Kf1 Nf4 41. Ng4 Bxe6 42. Qf6+ Kg8 43. dxe6 Qd4 44. Nge3 0-1

[Event "Cacak-ch rapid"]
[Site "Cacak"]
[Date "2014.12.10"]
[Round "3"]
[White "Mirkovic, Stevan"]
[Black "Smolovic, Mile"]
[Result "1/2-1/2"]
[WhiteElo "2281"]
[BlackElo "2351"]
[PlyCount "42"]
[EventDate "2014.12.10"]
[EventType "swiss (rapid)"]
[EventRounds "9"]
[EventCountry "SRB"]
[SourceTitle "EXT 2017"]
[Source "ChessBase"]
[SourceDate "2016.10.25"]
[SourceVersion "1"]
[SourceVersionDate "2016.10.25"]
[SourceQuality "1"]

1. Nf3 Nf6 2. c4 g6 3. Nc3 Bg7 4. e4 d6 5. d4 0-0 6. Be2 e5 7. 0-0 Nc6 8. d5 Ne7 9. b4 Nh5 10. Re1 a5 11. Ba3 axb4 12. Bxb4 Nf4 13. Bf1 Bg4 14. h3 Bxf3 15. Qxf3 c5 16. dxc6 Nxc6 17. a3 Ne6 18. Nb5 Nxb4 19. axb4 Nd4 20. Nxd4 exd4 21. e5 dxe5 1/2-1/2

[Event "Topusko op 3rd"]
[Site "Topusko"]
[Date "2014.08.08"]
[Round "1"]
[White "Mirkovic, Stevan"]
[Black "Grgic, Neomi"]
[Result "1-0"]
[WhiteElo "2298"]
[BlackElo "1908"]
[PlyCount "77"]
[EventDate "2014.08.08"]
[EventType "swiss"]
[EventRounds "9"]
[EventCountry "CRO"]
[SourceTitle "CBM 162 Extra"]
[Source "ChessBase"]
[SourceDate "2014.10.17"]
[SourceVersion "1"]
[SourceVersionDate "2014.10.17"]
[SourceQuality "1"]

1. Nf3 Nf6 2. c4 e6 3. Nc3 b6 4. e4 Bb7 5. Bd3 Bb4 6. e5 Bxc3 7. dxc3 Ng8 8. Ng5 Nc6 9. Qe2 h6 10. Nf3 d6 11. Bf4 dxe5 12. Nxe5 Qf6 13. Bg3 0-0-0 14. 0-0 h5 15. Nxc6 Bxc6 16. Be4 Ne7 17. h3 Qh6 18. Bxc6 Nxc6 19. Qf3 e5 20. Rfd1 Qe6 21. Bxe5 f6 22. Bg3 Qxc4 23. Rxd8+ Rxd8 24. Qxh5 g5 25. Qh7 Ne5 26. Bxe5 fxe5 27. Qf5+ Kb8 28. Qxg5 Rg8 29. Qxe5 Qc6 30. g3 Qd7 31. h4 Qd2 32. c4 Rg4 33. c5 bxc5 34. Re1 Rb4 35. b3 Qxa2 36. Qxc5 Rxb3 37. Qc6 Rb1 38. Qe8+ Kb7 39. Qe4+ 1-0

[Event "SRB-chT2 West"]
[Site "Vrnjacka Banja"]
[Date "2013.10.12"]
[Round "4"]
[White "Mirkovic, Stevan"]
[Black "Ratkovic, Milovan"]
[Result "1/2-1/2"]
[WhiteElo "2293"]
[BlackElo "2294"]
[PlyCount "55"]
[EventDate "2013.10.10"]
[EventType "team-tourn"]
[EventRounds "8"]
[EventCountry "SRB"]
[SourceTitle "EXT 2014"]
[Source "ChessBase"]
[SourceDate "2013.11.20"]
[SourceVersion "1"]
[SourceVersionDate "2013.11.20"]
[SourceQuality "1"]

1. Nf3 d5 2. d4 Nc6 3. Bf4 Bg4 4. e3 e6 5. Be2 Bd6 6. Bg3 Nf6 7. 0-0 Bxg3 8. hxg3 h5 9. c4 h4 10. gxh4 Ne4 11. g3 Bh3 12. Re1 g5 13. Nxg5 Nxg5 14. hxg5 Qxg5 15. Bf3 0-0-0 16. Nc3 Ne7 17. e4 Rdg8 18. cxd5 Qf4 19. Qe2 Qh4 20. Bg2 Bxg2 21. Kxg2 Qh3+ 22. Kf3 exd5 23. Rh1 Qg4+ 24. Kg2 Qxe2 25. Nxe2 dxe4 26. Nf4 Kd7 27. Rae1 f5 28. f3 1/2-1/2

[Event "SRB-chT2 West"]
[Site "Vrnjacka Banja"]
[Date "2013.10.11"]
[Round "3"]
[White "Markovic, Dragan P"]
[Black "Mirkovic, Stevan"]
[Result "1/2-1/2"]
[WhiteElo "2242"]
[BlackElo "2293"]
[PlyCount "58"]
[EventDate "2013.10.10"]
[EventType "team-tourn"]
[EventRounds "8"]
[EventCountry "SRB"]
[SourceTitle "EXT 2014"]
[Source "ChessBase"]
[SourceDate "2013.11.20"]
[SourceVersion "1"]
[SourceVersionDate "2013.11.20"]
[SourceQuality "1"]

1. e4 c5 2. c3 d5 3. exd5 Qxd5 4. d4 Nf6 5. Nf3 e6 6. Be3 cxd4 7. cxd4 Be7 8. Nc3 Qd8 9. Bc4 0-0 10. 0-0 Nc6 11. Ne5 Nb4 12. Qe2 Nbd5 13. Rad1 Nxc3 14. bxc3 Nd5 15. Bd2 Bf6 16. Qe4 g6 17. Qf3 Bg7 18. Rfe1 Qd6 19. Ng4 f6 20. Re2 Bd7 21. Nh6+ Kh8 22. Rde1 Rae8 23. Bxd5 Qxd5 24. Qxd5 exd5 25. Nf7+ Kg8 26. Nh6+ Bxh6 27. Bxh6 Rxe2 28. Rxe2 Re8 29. Rxe8+ Bxe8 1/2-1/2

[Event "SRB-chT2 West CS"]
[Site "Serbia"]
[Date "2012.09.15"]
[Round "2.1"]
[White "Jovic, Aleksandar"]
[Black "Mirkovic, Stevan"]
[Result "1-0"]
[WhiteElo "2368"]
[BlackElo "2277"]
[PlyCount "61"]
[EventDate "2012.09.14"]
[EventType "team"]
[EventRounds "10"]
[EventCountry "SRB"]
[SourceTitle "EXT 2015"]
[Source "ChessBase"]
[SourceDate "2014.11.20"]
[SourceVersion "1"]
[SourceVersionDate "2014.11.20"]
[SourceQuality "1"]

1. c4 e6 2. g3 d5 3. Bg2 Nf6 4. Nf3 Be7 5. 0-0 0-0 6. Qc2 b6 7. d4 Bb7 8. cxd5 Nxd5 9. a3 Nd7 10. e4 N5f6 11. Nc3 Re8 12. Rd1 Qc8 13. Bf4 c5 14. d5 exd5 15. exd5 Nh5 16. Be3 Bf8 17. Bh3 Qd8 18. Bg5 Be7 19. Be3 Bf8 20. Rd2 Ndf6 21. Rad1 Bc8 22. Bg2 Ng4 23. d6 Bd7 24. Nd5 Rc8 25. Bg5 f6 26. Ne7+ Kh8 27. Qc4 Bxe7 28. dxe7 Rxe7 29. Qxg4 Qe8 30. Rxd7 Re4 31. Qxe4 1-0

[Event "SRB-chT2 West CS"]
[Site "Serbia"]
[Date "2011.10.14"]
[Round "8.5"]
[White "Mirkovic, Stevan"]
[Black "Jovanovic, Miroslav O"]
[Result "1-0"]
[WhiteElo "2237"]
[BlackElo "2093"]
[PlyCount "84"]
[EventDate "2011.09.11"]
[EventType "team"]
[EventRounds "11"]
[EventCountry "SRB"]
[SourceTitle "EXT 2015"]
[Source "ChessBase"]
[SourceDate "2014.11.20"]
[SourceVersion "1"]
[SourceVersionDate "2014.11.20"]
[SourceQuality "1"]

1. Nf3 c5 2. c4 e6 3. Nc3 Nf6 4. d4 cxd4 5. Nxd4 a6 6. e4 d6 7. Be2 Be7 8. 0-0 Qc7 9. Be3 Nbd7 10. Rc1 b6 11. Qd2 Bb7 12. f3 0-0 13. a3 Rac8 14. b4 Qb8 15. Rc2 Bd8 16. Kh1 Bc7 17. Bg1 Rfe8 18. Na4 Qa8 19. Nb2 Bb8 20. Rb1 d5 21. exd5 exd5 22. Nf5 h6 23. c5 bxc5 24. bxc5 Bc6 25. Qa5 Bc7 26. Qxa6 Qxa6 27. Bxa6 Ra8 28. Bf1 Rxa3 29. Nd4 Ba4 30. Nxa4 Rxa4 31. Nb5 Rc8 32. Nxc7 Rxc7 33. c6 Ne5 34. Rb7 Rxc6 35. Rxc6 Nxc6 36. Bb5 Rc4 37. Bxc4 dxc4 38. Rc7 Ne5 39. Bd4 Ned7 40. Rc8+ Kh7 41. Rxc4 Kg6 42. Rc7 Nf8 1-0